| 000 | 00675nam a2200241 a 4500 | ||
|---|---|---|---|
| 003 | AR-BaBNM | ||
| 005 | 20251128203750.0 | ||
| 008 | 082120s2002 ||||||||||||||000 | spa|| | ||
| 040 | _cAR-BaBNM | ||
| 100 | 1 | _aPicard, M. | |
| 245 | 0 | 0 | _aLa elocución y el vocabulario en los primeros grados |
| 260 |
_aBuenos Aires _bKapelusz _c1965 |
||
| 300 |
_a119 p. _bil. |
||
| 490 | 0 | _aColección de pedagogía práctica | |
| 650 | 4 | _aENSEÑANZA DE LA EXPRESION ORAL | |
| 650 | 4 | _aVOCABULARIO | |
| 653 | _aENSENANZA DE LA LENGUA | ||
| 653 | _aEDUCACION PRIMARIA | ||
| 700 | 1 |
_aDarnet, Leda _etraductor |
|
| 700 | 1 |
_aMiscione, Elba _erevisión |
|
| 942 | _cBK | ||
| 998 | _cSILVI | ||
| 999 |
_c4853 _d4853 |
||